Statistics for Canadian players who played in the Overwatch League

Click here to take the quiz!

General Stats

  • This quiz has been taken 45 times
    (14 since last reset)
  • The average score is 7 of 14

Answer Stats

Player1st team% Correct
Surefour
90%
xQc
90%
Crimzo
80%
Agilities
70%
False
70%
Bani
60%
Seeker
50%
cal
40%
Joemeister
40%
NotE
40%
Mangachu
30%
Roolf
30%
ShRedLock
20%
Verbo
20%

Score Distribution

Percentile by Number Answered

Percent of People with Each Score

Your Score History

You have not taken this quiz since the last reset